[Event "Cerrado"]
[Site "?"]
[Date "1997.??.??"]
[Round "?"]
[White "Adla, Diego"]
[Black "Glavina, Pablo"]
[WhiteElo "2410"]
[BlackElo "2380"]
[Result "0-1"]

1. d4 d5 2. c4 c6 3. Nc3 Nf6 4. Nf3 e6 5. Bg5 h6 6. Bxf6 Qxf6 7. e3 Nd7 8. Bd3 g6 9. O-O dxc4 10. Bxc4 Bg7 11. b4 O-O 12. a4 e5 13. a5 exd4 14. exd4 Rd8 15. Re1 Nf8 16. Ne5 Be6 17. Bf1 Qe7 18. Rb1 Qd6 19. a6 b6 20. Rc1 Rac8 21. Qf3 Bxe5 22. dxe5 Qxb4 23. Ne4 Nh7 24. Qe3 Kg7 25. Nd6 Rxd6 26. exd6 Qxd6 27. Bc4 Bxc4 28. Rxc4 Nf6 29. Qc3 c5 30. g3 b5 31. Rf4 c4 32. Rb1 Rc5 33. h3 Rd5 34. Kh2 Qxa6 35. Ra1 Qb6 36. Qa3 Rd7 37. Qb4 Nd5 

0-1

[Event "Spanish Championship"]
[Site "?"]
[Date "2000.08.11"]
[Round "?"]
[White "Granero Roca, Antonio"]
[Black "Glavina, Pablo"]
[WhiteElo "2405"]
[BlackElo "2434"]
[Result "0-1"]

1. d4 Nf6 2. c4 g6 3. Nc3 Bg7 4. e4 d6 5. f3 O-O 6. Be3 c5 7. d5 e6 8. Qd2 exd5 9. cxd5 Na6 10. Nge2 Nc7 11. a4 a6 12. Nc1 Bd7 13. Nd3 Re8 14. Be2 b5 15. Ra2 bxa4 16. Nf2 Bb5 17. O-O Rb8 18. Re1 Nd7 19. f4 Nb6 20. Rc1 Qe7 21. Re1 Qd7 22. Rd1 Bc4 23. Raa1 Nb5 24. e5 Bxe2 25. Qxe2 dxe5 26. Bxc5 exf4 27. Qd3 Rec8 28. Bxb6 Rxb6 29. Nxa4 Rbb8 30. Ne4 Nd4 31. Nac5 Qxd5 32. Rxa6 Rxc5 33. Rd6 Qe5 

0-1

[Event "French Championship"]
[Site "?"]
[Date "2001.02.03"]
[Round "?"]
[White "Vallin, Guillaume"]
[Black "Glavina, Pablo"]
[WhiteElo "2396"]
[BlackElo "2414"]
[Result "0-1"]

1. d4 g6 2. e4 Bg7 3. Nc3 c6 4. Bc4 d6 5. Qf3 e6 6. Nge2 Ne7 7. h4 b5 8. Bb3 a5 9. a3 h5 10. Bg5 Nd7 11. Nf4 Bxd4 12. O-O-O Be5 13. Bxe6 Rf8 14. Ba2 Nc5 15. Bh6 Bg4 16. Qe3 Bxd1 17. Bxf8 Kxf8 18. Rxd1 b4 19. Nb1 Qb6 20. Qf3 Bxb2+ 21. Kd2 Nxe4+ 22. Qxe4 Qxf2+ 23. Ne2 Nf5 24. Qf4 Qc5 25. axb4 axb4 26. Qc4 Qe3+ 27. Ke1 Qe7 28. Rd3 d5 29. Qb3 Re8 30. Rd2 Qxh4+ 31. g3 Qh1+ 32. Kf2 Qh2+ 33. Kf1 Ne3+ 

0-1

[Event "Nationale II Rounds 1-5"]
[Site "?"]
[Date "2008.10.19"]
[Round "?"]
[White "Bernard, Christophe"]
[Black "Glavina, Pablo"]
[WhiteElo "2364"]
[BlackElo "2437"]
[Result "0-1"]

1. Nf3 Nf6 2. d4 e6 3. g3 c5 4. Bg2 cxd4 5. O-O d5 6. Nxd4 Nc6 7. c4 Qb6 8. Nb5 dxc4 9. N1c3 Bc5 10. Nd6+ Bxd6 11. Qxd6 Nb4 12. Bf4 Nbd5 13. Be5 Qxd6 14. Bxd6 Bd7 15. Rfc1 Bc6 16. a4 Kd7 17. Be5 a6 18. a5 Ke7 19. Na4 Bb5 20. Nb6 Nxb6 21. axb6 Nd5 22. Bxg7 Rhd8 23. Bd4 Rac8 24. Rd1 f6 25. e4 Nb4 26. e5 Nd3 27. exf6+ Kf7 28. Bc3 Bc6 29. Bxc6 Rxc6 30. Ra5 Rd5 31. b3 Rxa5 32. Bxa5 cxb3 33. Rxd3 b2 

0-1

[Event "La Coruna TH op"]
[Site "?"]
[Date "1995.??.??"]
[Round "?"]
[White "Garcia Carbo, Marcial"]
[Black "Glavina, Pablo"]
[WhiteElo "2315"]
[BlackElo "2390"]
[Result "0-1"]

1. e4 c5 2. Nf3 Nc6 3. Bb5 d6 4. d4 cxd4 5. Qxd4 Nf6 6. Bg5 e5 7. Qd3 Be7 8. Bxc6+ bxc6 9. c4 O-O 10. Nc3 h6 11. Bxf6 Bxf6 12. Rd1 Qb6 13. b3 Rd8 14. O-O Be6 15. Rd2 Rd7 16. Rfd1 Rad8 17. Qc2 Qa5 18. Na4 g5 19. Qc3 Qc7 20. Ne1 Bg7 21. Nc2 f5 22. f3 f4 23. Nb4 Bf7 24. Rd3 a5 25. Nc2 d5 26. Qd2 Bf8 27. Nc3 d4 28. Na4 Be6 29. Rc1 c5 30. Ne1 Ra8 31. Qe2 Rg7 32. Rdd1 h5 33. Nd3 Bd6 34. Kf2 g4 35. Ke1 Bd7 36. Ndb2 gxf3 37. gxf3 Kh8 38. Kd2 Rag8 39. Rf1 Bh3 40. Rf2 Be7 41. Qd3 Rg2 42. Rf1 Bh4 43. Rxg2 Rxg2+ 44. Kc1 Bf2 45. Kb1 Be3 46. Rd1 Rf2 

0-1